Quizzes
Events
Quiz Creation
Community
Videos
Private Events
Remove Ads
Sign In
Join for FREE
Feedback
Dark Mode
Quiz Categories
Sports
Geography
Music
Movies
Television
Just For Fun
Miscellaneous
History
Literature
Language
Science
Gaming
Entertainment
Religion
Holiday
For Kids
Quiz Lab
Recent
Popular Today
Quiz Kudos Today
Editor Picks
Curator Picks
Quizzes by...
Day
Popularity
Type
Ratings
Length
Year
Community
Subscriptions
Recent Discussions
Orange Saloon
Badges
Playlists
Quests
Create
Leaderboards
Showdown
Live 5
Trivia Bingo
Activity
Puzzle Library
Sporcle Events
Private Events
Virtual Trivia
Globe League
Become a Host
Pub Owners
SporcleCon
Opinionation
Our Games
Videos
Blog
Mobile Apps
Partnerships
Remove Ads and Go Orange
Feedback
Television
TV Characters
TV Show
Sitcom
Network
Friends
Reality Shows
Cast
South Park
Star Trek
The Simpsons
Doctor Who
Television
TV Characters
TV Show
Sitcom
Network
Friends
Reality Shows
Cast
South Park
Star Trek
The Simpsons
Doctor Who
Random Quiz
Search Sporcle
×
Quiz Lab
Quiz Lab
Television
TV Show
Type in answers that appear in a list
Type in answers that appear in a list
Classic
Best Score? Go Orange.
Diff'rent Strokes Lyrics Stats
Can you name the Lyrics to the theme of the 80s Classic TV Show, Diff'rent Strokes?
By
nyiballs
5m
119 Questions
146 Plays
146 Plays
146 Plays
Comments
Comments
Give Quiz Kudos
Give Quiz Kudos
-
- Ratings
hide this ad
More Info
Replay
Link that replays current quiz
Next Quiz
Link to next quiz in quiz playlist
You Got
0%
They Got
Avg Score
78%
Avg Friend Score
Upgrade to see
Score Distribution
Jump to the score distribution portion of the page
Score
0/119
Timer
05:00
0
Plays Today
Lyrics
% Correct
the
97.3%
the
97.3%
A
97.3%
a
97.3%
the
97.3%
a
97.3%
a
97.3%
and
97.3%
and
97.3%
And
97.3%
the
97.3%
the
97.3%
to
93.2%
Diff'rent
93.2%
Strokes.
93.2%
Diff'rent
93.2%
Strokes.
93.2%
Diff'rent
93.2%
Strokes
93.2%
to
93.2%
to
93.2%
Diff'rent
93.2%
Strokes
93.2%
to
93.2%
Diff'rent
93.2%
Strokes
93.2%
to
93.2%
world
92.5%
of
92.5%
be
92.5%
be
92.5%
of
92.5%
world.
92.5%
of
92.5%
be
92.5%
world
92.5%
world!
92.5%
you
89.7%
you
89.7%
one
89%
Lyrics
% Correct
just
88.4%
for
88.4%
for
88.4%
not
87.7%
not
87.7%
So
87%
It
86.3%
It
86.3%
It
86.3%
it
86.3%
it
86.3%
It
86.3%
don't
85.6%
don't
85.6%
beat
84.9%
drum.
84.9%
move
83.6%
What
83.6%
move
83.6%
what
83.6%
move
83.6%
move
83.6%
some.
81.5%
might
80.1%
right
80.1%
right
80.1%
Takes
80.1%
Takes
80.1%
takes
80.1%
takes
80.1%
man
79.5%
man
79.5%
is
78.1%
may
76.7%
they
74.7%
they
74.7%
got
72.6%
got
72.6%
got
72.6%
got
72.6%
Lyrics
% Correct
he's
71.2%
Now
69.2%
does
69.2%
but
68.5%
But
68.5%
we'll
67.1%
Then
65.1%
means.
64.4%
come
64.4%
their
64.4%
yes
64.4%
two
63.7%
born
63%
nothing
63%
have
63%
have
63%
have
63%
along
60.3%
mine.
58.9%
yours,
58.2%
together
58.2%
fine...
55.5%
Everybody
54.8%
Because
54.8%
I'll
53.4%
jeans.
52.7%
story.
52.7%
matter
52.7%
that
52.7%
kind
50.7%
you'll
50.7%
alot
50%
shine.
49.3%
special
47.9%
way
47.3%
Everybody's
45.9%
theirs,
43.2%
They'll
41.8%
finds
39%
Quiz Playlist
Details
Report
Send in Message
Add To Playlist
More Info:
Lots of Easter Eggs to those that are creative and remember the show!!!
Classic:
Type in answers that appear in a list
Last Updated: Feb 16, 2017
Quiz Scoreboard
CHALLENGE
Sign Up to Join the Scoreboard
Show All
Scores
Hide
Comments
May contain spoilers
Recently Published
Street Fighter Characters
by Artimus82
Gaming
60s
9x9 Crossword: Cartoon Network
by jackfrog10
Miscellaneous
3m
College Basketball Coaching Resumes
by pancakes188
Sports
9m
More to Explore
Quiz From the Vault
Featured Blog Post
Where Did the Easter Bunny Come From?
hide this ad
You Might Also Like...
Tags
Lyrics Quiz
TV Show Quiz
1980s
Today's Top Quizzes in Television
Browse Television
hide this ad
Today's Top Quizzes in TV Show
Browse TV Show
Top Contributed Quizzes in Television
1
5-to-1: The Simpsons Families
2
5-to-1: Television Doctors
3
Adjectives in 80s TV Shows
4
Adjectives in 00s TV Shows
5
7-to-1: TV Show Settings
6
Adjectives in 10s TV Shows
7
Survivor Journey Challenge
8
5-to-1: Streaming Originals
9
Survivor Seasons
10
One Piece Logic Puzzle
Explore More
Trending Topics
Kpop
Harry Potter
Disney
Marvel
Crossword
Anime
NBA
Song
NFL
Country
Puzzle
Soccer
Pokémon
The Office
WWE
hide this ad
More By:
nyiballs
Quiz
Plays
Rating
Category
Featured
Created
Gordon Ramsay's TV Shows (UK and USA)
557
2.00
Television
Aug 25, 2011
Harrison Ford's $100 Million Box Office Movies (USA)
339
3.17
Movies
Aug 25, 2011
Television Theme Songs
257
3.44
Television
Mar 26, 2012
Who Did They Assassinate
175
3.00
History
Apr 16, 2012
Diff'rent Strokes Lyrics
146
5.00
Television
May 6, 2012
Go to Creator's Profile
Score Distribution
Quiz Creator Spotlight
nyiballs
Follow
Send a Message
Quizzes Created
-
Created Quiz Play Count
-
More By This Creator
Popular Quizzes Today
1
Find the US States - No Outlines Minefield
2
Find the Countries of Europe - No Outlines Minefield
3
The Countries of the World
4
Find the US States
5
Risky Map Clicking: Biggest States A-Z
6
US States
7
Popular People in 1961
8
Movies - When Are They Set?
More Television Quizzes
'H' TV Shows by Picture
Published
Trending Quizzes
Risky Map Clicking: Least Populous States A-Z
1-10 Letter G Words
Risky Map Clicking: Next State Alphabetically
Adjectives in 80s TV Shows
The Seven Year Switch: Catherine
Recently Updated
Leaping Animals
pecheneg
Reality TV Shows (A-Z)
bhenderson79
Rickey Henderson's Hall of Fame Teammates
pecheneg
Champions League XIs: Arsenal
pecheneg
Quick Pick: Celebrities in WWE's Hall of Fame
aduchscher
A-Z Keypad Blitz II
pecheneg
Multiple Oscar Actors
pecheneg
Mystery Phrase Blitz: Oscar 'Best Actors'
pecheneg
F. Scott Fitzgerald Novels
LTH
Pick 3 Villains
ddd62291
Trending Topics
Anime
Crossword
Harry Potter
Kpop
Marvel
Disney
NBA
Song
WWE
NFL
Country
Soccer
Pokémon
Puzzle
The Office
Your Account Isn't Verified!
In order to create a playlist on Sporcle, you need to verify the email address you used during registration. Go to your
Sporcle Settings
to finish the process.
Report this User
Report this user for behavior that violates our
Community Guidelines
.
Details:
Send Report
Go to the Sporcle.com Mobile Site →
Comments